000 00300nam a2200121Ia 4500
008 240731s9999 xx 000 0 und d
022 _a2327-3747
245 0 _aEndocrine Disruptors
260 _bTaylor & Francis
856 _uhttps://www.tandfonline.com/loi/kend20
942 _2ddc
942 _cTFEJ
999 _c76409
_d76409
945 _a1
_bMadushi Gamage
_c1
_dMadushi Gamage